[Event "Hannover-ch U16"]
[Site "Lehrte"]
[Date "2010.10.09"]
[Round "1"]
[White "Karnbach, Victor"]
[Black "Rossberg, Justus"]
[Result "1-0"]
[WhiteElo "1301"]
[BlackElo "883"]
[PlyCount "95"]
[EventDate "2010.10.09"]
[EventType "swiss"]
[EventRounds "7"]
[EventCountry "GER"]
[SourceTitle "EXT 2021"]
[Source "ChessBase"]
[SourceDate "2020.10.23"]
[SourceVersion "1"]
[SourceVersionDate "2020.10.23"]
[SourceQuality "1"]

1. d4 d5 2. Nf3 Nc6 3. e3 Bf5 4. Bd3 Bxd3 5. Qxd3 Nb4 6. Qb5+ c6 7. Qxb4 Qb6 8. Qxb6 axb6 9. 0-0 Nf6 10. b3 e6 11. Bb2 Ba3 12. Nxa3 0-0 13. c4 c5 14. dxc5 bxc5 15. Bxf6 Rxa3 16. Bb2 Ra6 17. cxd5 exd5 18. Rfd1 Rd6 19. Rd2 Rfd8 20. Rad1 f5 21. Ba3 b6 22. Nd4 Rf6 23. Nb5 f4 24. exf4 Rxf4 25. Rxd5 Rxd5 26. Rxd5 Re4 27. f3 Rf4 28. Rd6 Rf6 29. Rxf6 gxf6 30. Nd6 Kg7 31. Nc8 Kg6 32. Nxb6 h5 33. Bxc5 Kf5 34. Kf2 Ke6 35. Bd4 f5 36. Ke3 h4 37. Kf4 Kd6 38. Kxf5 Kc6 39. Kg4 Kb5 40. Kxh4 Kb4 41. Kg3 Ka3 42. Kf2 Kxa2 43. b4 Kb3 44. Bc5 Kc3 45. b5 Kd2 46. Nd5 Kd3 47. b6 Kc4 48. b7 1-0

[Event "Hannover-ch U16"]
[Site "Lehrte"]
[Date "2010.10.09"]
[Round "2"]
[White "Thieu, Nguyen Gia Bao"]
[Black "Karnbach, Victor"]
[Result "0-1"]
[WhiteElo "1573"]
[BlackElo "1301"]
[PlyCount "64"]
[EventDate "2010.10.09"]
[EventType "swiss"]
[EventRounds "7"]
[EventCountry "GER"]
[SourceTitle "EXT 2021"]
[Source "ChessBase"]
[SourceDate "2020.10.23"]
[SourceVersion "1"]
[SourceVersionDate "2020.10.23"]
[SourceQuality "1"]

1. c4 e5 2. Nc3 Bb4 3. g3 Nf6 4. Bg2 Nc6 5. e4 0-0 6. Nge2 d6 7. h3 Be6 8. d3 Qd7 9. f4 exf4 10. Bxf4 Ne7 11. a3 Bxc3+ 12. Nxc3 c6 13. Qd2 d5 14. e5 Nh5 15. cxd5 Nxf4 16. Qxf4 Bxd5 17. Nxd5 Nxd5 18. Qe4 Nc7 19. 0-0 Rad8 20. Rad1 Qd4+ 21. Qxd4 Rxd4 22. Be4 Re8 23. Rf4 Ne6 24. Rf5 g6 25. Rf6 Ng5 26. Bg2 Rxe5 27. Rdf1 Re7 28. h4 Ne6 29. Re1 Rxd3 30. Bh3 Kg7 31. Rf2 Rxg3+ 32. Kh2 Rd3 0-1

[Event "Hannover-ch U14"]
[Site "Stadthagen"]
[Date "2009.10.04"]
[Round "3"]
[White "Karnbach, Victor"]
[Black "Thieu, Nguyen Gia Bao"]
[Result "0-1"]
[WhiteElo "1274"]
[BlackElo "1418"]
[PlyCount "60"]
[EventDate "2009.10.03"]
[EventType "swiss"]
[EventRounds "7"]
[EventCountry "GER"]
[SourceTitle "EXT 2021"]
[Source "ChessBase"]
[SourceDate "2020.10.23"]
[SourceVersion "1"]
[SourceVersionDate "2020.10.23"]
[SourceQuality "1"]

1. d4 f5 2. c4 Nf6 3. Nc3 g6 4. Nf3 Bg7 5. Bf4 0-0 6. Qd3 d6 7. e4 fxe4 8. Nxe4 Nxe4 9. Qxe4 c6 10. Bg3 Bf5 11. Qe3 Nd7 12. Bd3 Bxd3 13. Qxd3 Qa5+ 14. Nd2 Bh6 15. 0-0-0 Qxa2 16. Qe2 Nb6 17. Kc2 Bxd2 18. Kxd2 Qxb2+ 19. Ke1 Qxe2+ 20. Kxe2 Nxc4 21. Rhe1 b5 22. Kf1 Rfe8 23. Bh4 e5 24. d5 c5 25. Kg1 a5 26. Rb1 b4 27. Rec1 Nb6 28. Bg5 Nxd5 29. Rb2 Nc3 30. Rd2 Ne4 0-1

[Event "Hannover-ch U14"]
[Site "Stadthagen"]
[Date "2009.10.04"]
[Round "4"]
[White "Seidenstuecker, Hans Lennart"]
[Black "Karnbach, Victor"]
[Result "1-0"]
[WhiteElo "1106"]
[BlackElo "1274"]
[PlyCount "67"]
[EventDate "2009.10.03"]
[EventType "swiss"]
[EventRounds "7"]
[EventCountry "GER"]
[SourceTitle "EXT 2021"]
[Source "ChessBase"]
[SourceDate "2020.10.23"]
[SourceVersion "1"]
[SourceVersionDate "2020.10.23"]
[SourceQuality "1"]

1. c4 b6 2. Nc3 g6 3. g3 Bb7 4. f3 Bg7 5. e4 Nf6 6. Bg2 c5 7. Nge2 Nc6 8. 0-0 0-0 9. d3 Qc7 10. Bf4 e5 11. Nb5 Qb8 12. Be3 d6 13. Qd2 a6 14. Nbc3 Nd4 15. Bxd4 cxd4 16. Nd5 Bxd5 17. cxd5 Rc8 18. Rac1 Qb7 19. Rc2 Rxc2 20. Qxc2 Rc8 21. Qd2 Nd7 22. Bh3 Rc7 23. Bxd7 Rxd7 24. Rc1 Rc7 25. f4 Bh6 26. Rxc7 Qxc7 27. Qb4 a5 28. Qb5 f6 29. Qc6 Qd8 30. fxe5 fxe5 31. Kg2 Kf8 32. Nc1 Bd2 33. Nb3 Kg7 34. Nxd2 1-0

[Event "Niedersachsen-chT U14"]
[Site "Verden an der Aller"]
[Date "2009.05.22"]
[Round "3.2"]
[White "Karnbach, Victor"]
[Black "Tautz, Felix"]
[Result "1-0"]
[WhiteElo "1228"]
[BlackElo "1040"]
[PlyCount "89"]
[EventDate "2009.05.21"]
[EventType "team-tourn"]
[EventRounds "7"]
[EventCountry "GER"]
[SourceTitle "EXT 2010"]
[Source "ChessBase"]
[SourceDate "2010.11.25"]
[SourceVersion "1"]
[SourceVersionDate "2010.11.25"]
[SourceQuality "1"]
[WhiteTeam "Bueckeburg"]
[BlackTeam "Nordhorn Blanke"]
[WhiteTeamCountry "GER"]
[BlackTeamCountry "GER"]

1. d4 d5 2. c4 e6 3. Nc3 Nf6 4. Bg5 Nbd7 5. Nf3 Be7 6. e3 0-0 7. Bd3 c5 8. dxc5 Nxc5 9. 0-0 h6 10. Bf4 a6 11. Rb1 dxc4 12. Bxc4 b5 13. Bb3 Bb7 14. Qe2 Qb6 15. Rfd1 Rad8 16. Rbc1 Bd6 17. Bxd6 Rxd6 18. Rxd6 Qxd6 19. Rd1 Qe7 20. Rd2 e5 21. Qd1 e4 22. Nd4 Nd3 23. Nf5 Qe5 24. Ng3 Nc5 25. Bc2 Kh7 26. Qb1 Kh8 27. Qd1 b4 28. Na4 Nxa4 29. Bxa4 Bd5 30. Bb3 Bxb3 31. Qxb3 a5 32. Qc4 Re8 33. Qxf7 Rc8 34. h3 Rc1+ 35. Kh2 Rb1 36. Qb3 Nh5 37. Rd8+ Kh7 38. Qg8+ Kg6 39. Re8 Qxb2 40. Re6+ Nf6 41. Nxe4 Rf1 42. Nxf6 Qa1 43. Ne4+ Kf5 44. Qf7+ Qf6 45. Nxf6 1-0

[Event "Niedersachsen-chT U14"]
[Site "Verden an der Aller"]
[Date "2009.05.21"]
[Round "1.2"]
[White "Heermann, Kai"]
[Black "Karnbach, Victor"]
[Result "1-0"]
[WhiteElo "1664"]
[BlackElo "1228"]
[PlyCount "143"]
[EventDate "2009.05.21"]
[EventType "team-tourn"]
[EventRounds "7"]
[EventCountry "GER"]
[SourceTitle "EXT 2010"]
[Source "ChessBase"]
[SourceDate "2010.11.25"]
[SourceVersion "1"]
[SourceVersionDate "2010.11.25"]
[SourceQuality "1"]
[WhiteTeam "Wilhelmshaven"]
[BlackTeam "Bueckeburg"]
[WhiteTeamCountry "GER"]
[BlackTeamCountry "GER"]

1. d4 Nf6 2. Nf3 d5 3. c4 c6 4. e3 Bg4 5. Nc3 e6 6. cxd5 Nxd5 7. Bd2 Bb4 8. a3 Bxc3 9. bxc3 b5 10. c4 bxc4 11. Bxc4 0-0 12. Rc1 Nd7 13. Be2 Qb6 14. Rb1 Qd8 15. Rc1 Qb6 16. Qa4 Bxf3 17. Bxf3 Qb5 18. Qxb5 cxb5 19. 0-0 Rac8 20. e4 N5b6 21. Bb4 Rfd8 22. e5 Nc4 23. Bb7 Rb8 24. Bc6 Ndb6 25. Bxb5 Rdc8 26. Rc2 a5 27. Bxc4 Nxc4 28. Bc5 Nxa3 29. Ra2 Nc4 30. Rc1 Rb5 31. h3 Nxe5 32. Rca1 Nc6 33. Ra4 f6 34. Bd6 Rd8 35. Bc5 Rdb8 36. Bd6 Rb1+ 37. Rxb1 Rxb1+ 38. Kh2 Rc1 39. Bc7 Nxd4 40. Bxa5 Nf5 41. g4 Ne7 42. h4 Rc8 43. Bd2 Nd5 44. Kg3 Rc2 45. Be1 Rc1 46. Bd2 Rb1 47. h5 Rb3+ 48. Kg2 Rd3 49. Ra8+ Kf7 50. Ra7+ Ke8 51. Be3 Nxe3+ 52. fxe3 Rd7 53. Ra8+ Ke7 54. Kf3 e5 55. Kg3 Ke6 56. e4 Rd3+ 57. Kf2 g6 58. Ra6+ Rd6 59. Ra7 gxh5 60. gxh5 Rd7 61. Ra6+ Kf7 62. Kg3 Kg7 63. Kg4 Rf7 64. Kf5 h6 65. Kg4 Kh7 66. Kf5 Kg7 67. Re6 Rf8 68. Re7+ Rf7 69. Ke6 Rxe7+ 70. Kxe7 f5 71. exf5 e4 72. f6+ 1-0

[Event "Niedersachsen-ch U14"]
[Site "Rotenburg"]
[Date "2009.04.08"]
[Round "7"]
[White "Karnbach, Victor"]
[Black "Lienau, Henrik"]
[Result "0-1"]
[WhiteElo "1191"]
[BlackElo "1751"]
[PlyCount "112"]
[EventDate "2009.04.04"]
[EventType "swiss"]
[EventRounds "9"]
[EventCountry "GER"]
[SourceTitle "EXT 2010"]
[Source "ChessBase"]
[SourceDate "2010.11.25"]
[SourceVersion "1"]
[SourceVersionDate "2010.11.25"]
[SourceQuality "1"]

1. d4 Nf6 2. c4 g6 3. Nc3 Bg7 4. e4 d6 5. Nf3 0-0 6. Be2 e5 7. d5 a5 8. 0-0 Na6 9. a3 Nc5 10. Qc2 Nfd7 11. Ne1 f5 12. f3 f4 13. Bd2 Nf6 14. Nd3 Nxd3 15. Qxd3 h5 16. b4 g5 17. c5 g4 18. cxd6 cxd6 19. Qb5 g3 20. hxg3 fxg3 21. Bg5 Qc7 22. Rac1 Qf7 23. Rc2 Qg6 24. Bh4 Ne8 25. Bd3 Bf6 26. Bxf6 Qxf6 27. Rfc1 Qh4 28. Kf1 Qh1+ 29. Ke2 Qxg2+ 30. Kd1 Qxf3+ 31. Be2 Qe3 32. Qd3 Qxd3+ 33. Bxd3 g2 34. Rxg2+ Bg4+ 35. Be2 Rf1+ 36. Kd2 Rxc1 37. Kxc1 Nf6 38. Bxg4 hxg4 39. b5 Kf7 40. Kd2 Rh8 41. Rg3 Rh3 42. Rg2 g3 43. Ke2 Rh2 44. Kf3 Rxg2 45. Kxg2 Nh5 46. b6 Kf6 47. Nb5 Ke7 48. Nc3 Kd8 49. Nd1 Kd7 50. Nb2 Nf6 51. Kxg3 Nxe4+ 52. Kf3 Nc3 53. Nc4 a4 54. Nb2 Nxd5 55. Nxa4 Kc6 56. Nc3 Nxc3 0-1

[Event "Niedersachsen-ch U14"]
[Site "Rotenburg"]
[Date "2009.04.05"]
[Round "2"]
[White "Karnbach, Victor"]
[Black "Bounine, Daniel"]
[Result "0-1"]
[WhiteElo "1191"]
[BlackElo "1700"]
[PlyCount "50"]
[EventDate "2009.04.04"]
[EventType "swiss"]
[EventRounds "9"]
[EventCountry "GER"]
[SourceTitle "EXT 2010"]
[Source "ChessBase"]
[SourceDate "2010.11.25"]
[SourceVersion "1"]
[SourceVersionDate "2010.11.25"]
[SourceQuality "1"]

1. d4 d5 2. c4 c6 3. Nc3 Nf6 4. Nf3 a6 5. Bg5 Bf5 6. Bxf6 exf6 7. e3 Be7 8. Bd3 Bg4 9. h3 Bh5 10. g4 Bg6 11. Nh4 dxc4 12. Bxc4 b5 13. Bd3 c5 14. Nf5 Nd7 15. Nxg7+ Kf8 16. Bxg6 hxg6 17. Nf5 gxf5 18. Rg1 cxd4 19. Qxd4 Ne5 20. Qxd8+ Rxd8 21. Ke2 Rxh3 22. gxf5 Nf3 23. Rg2 Rd2+ 24. Kf1 Rh1+ 25. Rg1 Rxg1# 0-1

[Event "Hannover-ch U14"]
[Site "Lehrte"]
[Date "2008.10.11"]
[Round "1"]
[White "Karnbach, Victor"]
[Black "Danitz, Niels Luca"]
[Result "1-0"]
[WhiteElo "1035"]
[BlackElo "871"]
[PlyCount "85"]
[EventDate "2008.10.11"]
[EventType "swiss"]
[EventRounds "7"]
[EventCountry "GER"]
[SourceTitle "EXT 2021"]
[Source "ChessBase"]
[SourceDate "2020.10.23"]
[SourceVersion "1"]
[SourceVersionDate "2020.10.23"]
[SourceQuality "1"]

1. d4 d5 2. Nf3 Bg4 3. e3 Nf6 4. Bd3 Ne4 5. Nbd2 f5 6. 0-0 Nc6 7. c3 e5 8. h3 Bxf3 9. Nxf3 exd4 10. Nxd4 Bc5 11. Re1 Qh4 12. Qe2 Rf8 13. Ne6 Rf7 14. Bxe4 Qxe4 15. Nxc5 Qe5 16. Nd3 Qe4 17. Qd2 Rf6 18. Nf4 0-0-0 19. Qd3 g5 20. Qxe4 dxe4 21. Ne2 b5 22. Nd4 Ne5 23. Rd1 c5 24. Bd2 cxd4 25. exd4 Nd3 26. Bxg5 Rdf8 27. Bxf6 Rxf6 28. f3 Nxb2 29. Rab1 Nd3 30. Rxb5 e3 31. Kf1 Re6 32. Rbb1 e2+ 33. Kg1 e1Q+ 34. Rxe1 Nxe1 35. Rd1 Re8 36. Rd2 Re3 37. Kf2 Re8 38. c4 f4 39. g3 Re3 40. gxf4 Rxf3+ 41. Kxe1 Rxf4 42. Ke2 Kd7 43. a4 1-0

[Event "GER-chT WK U18 4th"]
[Site "Kiel"]
[Date "2008.06.01"]
[Round "5.2"]
[White "Karnbach, Victor"]
[Black "Schaetz, Bianca"]
[Result "1-0"]
[WhiteElo "1035"]
[BlackElo "1413"]
[PlyCount "91"]
[EventDate "2008.05.31"]
[EventType "team-swiss"]
[EventRounds "7"]
[EventCountry "GER"]
[SourceTitle "EXT 2010"]
[Source "ChessBase"]
[SourceDate "2010.11.25"]
[SourceVersion "1"]
[SourceVersionDate "2010.11.25"]
[SourceQuality "1"]

1. e4 c5 2. f4 d6 3. Nc3 Nc6 4. Nf3 g6 5. d3 Bg7 6. Be2 Nf6 7. Be3 0-0 8. 0-0 Ng4 9. Bd2 a6 10. Nh4 Nf6 11. f5 b5 12. a3 Nd4 13. Rc1 Nxe2+ 14. Qxe2 Bb7 15. Qf3 Rc8 16. b4 cxb4 17. axb4 Nd7 18. Na2 e6 19. Qg4 Ne5 20. Qh3 Bf6 21. Be1 exf5 22. exf5 Bg5 23. Rd1 Rxc2 24. Nc3 Bxh4 25. Rd2 Rxd2 26. Bxd2 Bc8 27. g4 Bg5 28. Bxg5 Qxg5 29. Nd5 Bxf5 30. Kh1 Bxd3 31. Nf6+ Qxf6 32. Rxf6 Be4+ 33. Kg1 Rd8 34. Qe3 Nxg4 35. Qxe4 Nxf6 36. Qe7 Rd7 37. Qxf6 d5 38. Qxa6 d4 39. Kf2 d3 40. Ke1 d2+ 41. Kd1 f5 42. Qxb5 Rd8 43. Qc6 f4 44. b5 g5 45. h3 Rf8 46. Kxd2 1-0

[Event "GER-chT WK U18 4th"]
[Site "Kiel"]
[Date "2008.06.01"]
[Round "4.2"]
[White "Mueller, Dennis"]
[Black "Karnbach, Victor"]
[Result "1-0"]
[WhiteElo "1151"]
[BlackElo "1035"]
[PlyCount "121"]
[EventDate "2008.05.31"]
[EventType "team-swiss"]
[EventRounds "7"]
[EventCountry "GER"]
[SourceTitle "EXT 2010"]
[Source "ChessBase"]
[SourceDate "2010.11.25"]
[SourceVersion "1"]
[SourceVersionDate "2010.11.25"]
[SourceQuality "1"]

1. e4 g6 2. Nc3 Bg7 3. d4 d6 4. Nf3 Nf6 5. Bc4 b6 6. Bf4 Bb7 7. Qd3 0-0 8. 0-0 Nbd7 9. e5 Nh5 10. Qe3 Nxf4 11. Qxf4 Bxf3 12. Qxf3 dxe5 13. d5 h6 14. Rfe1 Kh7 15. a4 f5 16. a5 e4 17. Qe3 Qc8 18. Red1 Rf6 19. h3 c6 20. f4 exf3 21. gxf3 Qe8 22. dxc6 Nc5 23. Nd5 Re6 24. Nf6+ Rxf6 25. b4 Ne6 26. Bxe6 Rxe6 27. Qxe6 Bxa1 28. Rxa1 Rd8 29. Re1 Kh8 30. Qxe7 Qxe7 31. Rxe7 Rd1+ 32. Kg2 Rd2+ 33. Kg3 Rxc2 34. c7 Kg8 35. Re8+ Kf7 36. c8Q Rxc8 37. Rxc8 Ke6 38. Rc7 bxa5 39. bxa5 Kd6 40. Rxa7 Kc6 41. a6 Kb6 42. Ra8 g5 43. a7 Kb7 44. Rb8+ Kxa7 45. Rb1 h5 46. h4 g4 47. fxg4 fxg4 48. Rb5 Ka6 49. Rxh5 Kb6 50. Rd5 Kc6 51. Rd1 Kc5 52. h5 Kc4 53. h6 Kc3 54. h7 Kc2 55. Rd7 Kc3 56. h8R Kc4 57. Rc8+ Kb5 58. Rb7+ Ka6 59. Rb1 Ka7 60. Rc2 Ka6 61. Ra2# 1-0

[Event "GER-chT WK U18 4th"]
[Site "Kiel"]
[Date "2008.05.31"]
[Round "1.2"]
[White "Karnbach, Victor"]
[Black "Blankenfeld, Malte"]
[Result "0-1"]
[WhiteElo "1035"]
[BlackElo "1456"]
[PlyCount "60"]
[EventDate "2008.05.31"]
[EventType "team-swiss"]
[EventRounds "7"]
[EventCountry "GER"]
[SourceTitle "EXT 2010"]
[Source "ChessBase"]
[SourceDate "2010.11.25"]
[SourceVersion "1"]
[SourceVersionDate "2010.11.25"]
[SourceQuality "1"]

1. d4 d5 2. Nf3 Bf5 3. e3 Nc6 4. Nc3 e6 5. Bd3 Bg6 6. 0-0 Nf6 7. Ne5 Nb4 8. Bxg6 hxg6 9. a3 Na6 10. Qf3 Nb8 11. e4 dxe4 12. Nxe4 Nbd7 13. Bg5 Be7 14. Rad1 Rf8 15. Bxf6 Nxf6 16. Nxf6+ gxf6 17. Nc6 Qd5 18. Qxd5 exd5 19. Na5 Rb8 20. c4 dxc4 21. Nxc4 b6 22. Rfe1 Rd8 23. Ne3 f5 24. d5 a5 25. f4 Kd7 26. Nc4 Bc5+ 27. Kf1 Kc8 28. Ne5 Rh8 29. h3 Bd6 30. Nc6 Rde8 0-1